| Поле | Инд. | ПП | Название | Значение |
|---|---|---|---|---|
| Тип записи | a | |||
| Библиографический уровень | b | |||
| 001 | Контрольный номер | RU/IS/BASE/147280460 | ||
| 005 | Дата корректировки | 20200522190702.7 | ||
| 084 | a | Индекс другой классификации/Индекс ББК | 66.4(0),30в | |
| 097 | 00 | a | 730 | |
| 100 | 10 | a | Автор | Цыганков П. А. |
| 245 | 01 | a | Заглавие | "Самонадеянность силы": критический анализ концепции кооперативной безопасности в свете международно-политической теории |
| 504 | 00 | a | Библиография | Библиогр. ссылки |
| 520 | 00 | a | Аннотация | В статье рассматриваются две версии концепции кооперативной безопасности: версия Маршалл-Центра (замыкается главным образом на НАТО, считая его главным инструментом обеспечения "человеческой безопасности", и пренебрегая международно-правовыми нормами) и версия брукингской группы, которая недооценивает угрозы невоенного харакера и не уделяет должного внимания угрозам, связанным с внутренними конфликтами |
| 650 | a | Основная рубрика | международные отношения | |
| a | Основная рубрика | политика | ||
| 653 | 00 | a | Ключевые слова | всеобщая безопасность |
| a | Ключевые слова | коллективная безопасность | ||
| a | Ключевые слова | кооперативная безопасность | ||
| a | Ключевые слова | международная безопасность | ||
| a | Ключевые слова | мировая политика | ||
| a | Ключевые слова | теория международных отношений | ||
| 773 | 00 | t | Заглавие источника | Вестник Московского университета. Серия 18, Социология и политология |
| d | Дата издания источника | 2001 | ||
| g | Прочая информация | № 1. - С. 119 - 141 | ||
| w | Контрольный № источника | RU/IS/BASE/148578682 | ||
| 901 | t | Тип документа | b |